Southville International School and Colleges
Your cart is empty.
  • Cart
  • Lists
    Public lists Eva Luna New books Lux_list list_1
    Your lists Log in to create your own lists
  • Log in to your account
  • Your cookies
  • Search history
Southville International School and Colleges
  • Advanced search
  • Recent comments
  • Most popular
  • Libraries

Log in to your account

Log in with GOOGLE


If you do not have an external account, but do have a local account, you can still log in:

  1. Home
  2. MARC view: WHOIS running the Internet :
Normal view MARC view ISBD view

WHOIS running the Internet : (Record no. 305372)

[ view plain ]
MARC details
000 -LEADER
fixed length control field 01928cam a2200349 i 4500
001 - CONTROL NUMBER
control field 18663460
003 - CONTROL NUMBER IDENTIFIER
control field SISC
005 - DATE AND TIME OF LATEST TRANSACTION
control field 20161211125415.0
008 - FIXED-LENGTH DATA ELEMENTS--GENERAL INFORMATION
fixed length control field 150617s2016 nju b 001 0 eng
010 ## - LIBRARY OF CONGRESS CONTROL NUMBER
LC control number 2015020393
020 ## - INTERNATIONAL STANDARD BOOK NUMBER
International Standard Book Number 9781118679555 (hardback)
040 ## - CATALOGING SOURCE
Original cataloging agency DLC
Language of cataloging eng
Transcribing agency DLC
Description conventions rda
Modifying agency DLC
042 ## - AUTHENTICATION CODE
Authentication code pcc
050 00 - LIBRARY OF CONGRESS CALL NUMBER
Classification number TK 5105.5864
Item number .B78 2016
082 00 - DEWEY DECIMAL CLASSIFICATION NUMBER
Classification number 004.67/8
084 ## - OTHER CLASSIFICATION NUMBER
Classification number COM032000
Source of number bisacsh
100 1# - MAIN ENTRY--PERSONAL NAME
Personal name Bruen, Garth O.,
Relator term author.
245 10 - TITLE STATEMENT
Title WHOIS running the Internet :
Remainder of title protocol, policy, and privacy /
Statement of responsibility, etc Garth O. Bruen.
260 ## - PUBLICATION, DISTRIBUTION, ETC. (IMPRINT)
Place of publication, distribution, etc New Jersey :
Name of publisher, distributor, etc John Wiley & Sons, Inc.,
Date of publication, distribution, etc 2015.
300 ## - PHYSICAL DESCRIPTION
Extent xi, 340 pages ;
Dimensions 25 cm
500 ## - GENERAL NOTE
General note Includes bibliographical references and index.
520 ## - SUMMARY, ETC.
Summary, etc "This book provides a comprehensive overview of WHOIS. The text begins with an introduction to WHOIS and an in-depth coverage of its forty-year history. Afterwards it examines how to use WHOIS and how WHOIS fits in the overall structure of the Domain Name System (DNS). Other technical topics covered include WHOIS query code and WHOIS server details. The book also discusses current policy developments and implementations, reviews critical policy documents, and explains how they will affect the future of the Internet and WHOIS"--
650 #0 - SUBJECT ADDED ENTRY--TOPICAL TERM
Topical term or geographic name as entry element WHOIS (Computer network protocol)
650 #0 - SUBJECT ADDED ENTRY--TOPICAL TERM
Topical term or geographic name as entry element Internet domain names
General subdivision Government policy.
650 #0 - SUBJECT ADDED ENTRY--TOPICAL TERM
Topical term or geographic name as entry element Privacy, Right of.
650 #7 - SUBJECT ADDED ENTRY--TOPICAL TERM
Topical term or geographic name as entry element COMPUTERS / Information Technology.
Source of heading or term bisacsh
776 08 - ADDITIONAL PHYSICAL FORM ENTRY
Display text Online version:
Main entry heading Bruen, Garth O.
Title WHOIS running the Internet
Place, publisher, and date of publication Hoboken, New Jersey : John Wiley and Sons, Inc., 2015
International Standard Book Number 9781118985779
Record control number (DLC) 2015025590
856 42 - ELECTRONIC LOCATION AND ACCESS
Materials specified Cover image
Uniform Resource Identifier <a href="http://catalogimages.wiley.com/images/db/jimages/9781118679555.jpg">http://catalogimages.wiley.com/images/db/jimages/9781118679555.jpg</a>
906 ## - LOCAL DATA ELEMENT F, LDF (RLIN)
a 7
b cbc
c orignew
d 1
e ecip
f 20
g y-gencatlg
942 ## - ADDED ENTRY ELEMENTS (KOHA)
Source of classification or shelving scheme Library of Congress Classification
Koha item type Books
Holdings
Withdrawn status Lost status Source of classification or shelving scheme Damaged status Home library Current library Shelving location Date acquired Source of acquisition Sub Shelving location Total Checkouts Full call number Barcode Date last seen Price effective from Koha item type
    Library of Congress Classification   College Library College Library Graduate Section 12/11/2016 Donation     TK 5105.5864 .B78 2016 C20823 05/15/2018 12/11/2016 Books

WHOIS running the Internet :

APA

Bruen G. O., . (2015). WHOIS running the Internet. New Jersey: John Wiley & Sons, Inc.

Chicago

Bruen Garth O, . 2015. WHOIS running the Internet. New Jersey: John Wiley & Sons, Inc.

Harvard

Bruen G. O., . (2015). WHOIS running the Internet. New Jersey: John Wiley & Sons, Inc.

MLA

Bruen Garth O, . WHOIS running the Internet. New Jersey: John Wiley & Sons, Inc. 2015.

  • Place hold
  • Print
  • Cite
  • Add to your cart (remove)
  • Save record
    BIBTEX Dublin Core MARCXML MARC (non-Unicode/MARC-8) MARC (Unicode/UTF-8) MARC (Unicode/UTF-8, Standard) MODS (XML) RIS
  • More searches
    Search for this title in:
    Other Libraries (WorldCat) Other Databases (Google Scholar) Online Stores (Bookfinder.com) Open Library (openlibrary.org)

Exporting to Dublin Core...

SOUTHVILLE LIBRARY

Southville International School and Colleges Library

1281 Tropical Ave. Cor. Luxembourg St., BF Homes International, Las Pinas City

Tel. No. 8256374 / 252358 Loc. 117/146

Powered by Koha